Inventarizácia majetku a záväzkov

Bibliographic Details
Main Author: Mintál, Ján (Author)
Format: Article
Language:Slovak
PhysicalDescription:Tab.
ISSN:1335-7034
Subjects:

MARC

LEADER 00000nab a2200000 a 4500
001 vtls009172177
003 SK-MaSNL
005 20260304152125.0
008 250506c2007 xo mr|p|||||||000 b|slo
015 |a SNBRB2008/01  |2 snkbucl 
035 |a (sysno)vtls009172177 
035 |a urn:nbn:sk:snk-ab73gf 
035 |a (uuid)fa914601-8c9e-4b22-a0e6-a4f93f44d8dc 
035 |a (urnnbn)urn:nbn:sk:snk:ar-a06rr9 
038 |a SNKBUCL 
040 |a SNKBUCL  |b slo  |c SNKBUCL  |e AACR2 
041 0 |a slo 
044 |a xo  |c SK 
080 |a 657.371  |2 2001 
100 1 |a Mintál, Ján  |4 aut  |9 466607 
245 1 0 |a Inventarizácia majetku a záväzkov  |c Ján Mintál 
300 |b Tab. 
650 0 7 |a majetok  |2 snkbucl  |9 1607 
650 0 7 |a záväzky  |2 snkbucl  |9 336633 
650 0 7 |a inventarizácia  |2 snkbucl  |9 15707 
773 0 |t Dane a účtovníctvo v praxi  |g Roč. XII., č. 12 (2007), s. 29-41  |x 1335-7034 
850 |a Slovenská národná knižnica 
852 |a Slovenská národná knižnica 
954 |a odborná, vedecká literatúra pôvodná (slovenská)  |2 lita 
958 |a article27 
958 |a OND 
958 |a EUIPO 
999 |c 2947331  |d 2949261